000
00369nam a2200145Ia 4500
008
151018s9999 xx 000 0 und d
082
_b
RBASDV49041
_a
891.463
245
_a
प्रतिशोध
250
_b
1
260
_b
मेघना
_c
2008
300
_a
124
630
_a
प्रतिशोध
730
_a
प्रतिशोध
942
_c
BOOK
999
_c
1048164
_d
1048161